000 00364nam a2200157Ia 4500
003 OSt
005 20240205114748.0
008 170524s9999 xx 000 0 und d
020 _a978-0071259309
040 _cIIMT UNIVERSITY
100 _aLUTHANS- HODGRTTS
100 _c2010
245 0 _aORGANOZATIONAL BEHAVIOR
260 _aTATAMCGRAW HI
942 _2ddc
_c01
999 _c2585
_d2585